000 00583nam a22001937a 4500
005 20251108164716.0
008 250721s1983 xx 000 0 ara d
082 1 4 _a811.90962/أحم
100 1 _aالبقري، أحمد ماهر
245 1 0 _aإبراهيم ناجي :
_bمن شعره /
264 1 _aالاسكندريه :
_bالمكتب العربي الحديث،
_c1983.
300 _a119ص
650 1 7 _aالشعر العربي
650 1 7 _aالتاريخ الأدبي
650 1 7 _aالنقد الأدبي
650 1 7 _aمصر
942 _2ddc
_cBK
999 _c12412
_d12412